मखमली रहस्य (Record no. 394248)

MARC details
000 -LEADER
fixed length control field 00482nam a2200169Ia 4500
008 - FIXED-LENGTH DATA ELEMENTS--GENERAL INFORMATION
fixed length control field 100122s9999 xx 000 0 und d
082 ## - DEWEY DECIMAL CLASSIFICATION NUMBER
Item number 77246
Classification number 823
100 ## - MAIN ENTRY--PERSONAL NAME
Personal name गार्डनर अर्ल स्टन्ले
245 ## - TITLE STATEMENT
Title मखमली रहस्य
250 ## - EDITION STATEMENT
Edition statement 1
260 ## - PUBLICATION, DISTRIBUTION, ETC. (IMPRINT)
Date of publication, distribution, etc 2009
300 ## - PHYSICAL DESCRIPTION
Extent 208
630 ## - SUBJECT ADDED ENTRY--UNIFORM TITLE
Uniform title मखमली रहस्य
700 ## - ADDED ENTRY--PERSONAL NAME
Personal name आफळे ज्योती
730 ## - ADDED ENTRY--UNIFORM TITLE
Uniform title मखमली रहस्य
942 ## - ADDED ENTRY ELEMENTS (KOHA)
Koha item type Book
Holdings
Withdrawn status Lost status Damaged status Not for loan Home library Current library Date acquired Cost, normal purchase price Total Checkouts Full call number Barcode Date last seen Cost, replacement price Price effective from Koha item type Public note
        S.V. Pathak Library, Vile Parle S.V. Pathak Library, Vile Parle 09/22/2009 200.00   77246 SVPPARLE-77246 01/25/2010 200.00 01/25/2010 Book ", , ,"